E-Commerce in the Times of Social Distancing

Na minha lista:
Detalhes bibliográficos
Autor principal: Pollák, František, 1985-
Outros Autores: Markovič, Peter, 1974-, Konečný, Michal, 1993-
Formato: Capítulo de Livro
Idioma:inglês
Assuntos:
Tags: Adicionar Tag
Sem tags, seja o primeiro a adicionar uma tag!

MARC

LEADER 00000naa$a2200000$$$4500
001 0278761
005 20240502083845.7
041 0 |a eng 
044 |a HR 
245 1 0 |a E-Commerce in the Times of Social Distancing  |c František Pollák, Peter Markovič, Michal Konečný 
500 |a abstrakt 
610 2 0 |a obchod elektronický 
610 2 0 |a siete sociálne 
610 2 0 |a správanie spotrebiteľa 
610 2 0 |a koronavírus 
100 1 |a Pollák, František, 1985- 
700 1 |a Markovič, Peter, 1974- 
700 1 |a Konečný, Michal, 1993-